Making sense of motherhood <a> narrative approach
Guardado en:
| Autor principal: | |
|---|---|
| Formato: | Libro |
| Lenguaje: | inglés |
| Publicado: |
New York
Cambridge University Press
2005
|
| Materias: | |
| Etiquetas: |
Sin Etiquetas, Sea el primero en etiquetar este registro!
|
MARC
| LEADER | 00000nam a2200000 4500 | ||
|---|---|---|---|
| 001 | 0135181 | ||
| 005 | 20221129082750.3 | ||
| 020 | |a 978-0-521-54364-4 | ||
| 020 | |a 0-521-54364-9 | ||
| 020 | |a 978-0-521-83572-5 | ||
| 041 | 0 | |a eng | |
| 044 | |a US | ||
| 245 | 1 | 0 | |a Making sense of motherhood |b <a> narrative approach |c Tina Miller |
| 264 | 1 | |a New York |b Cambridge University Press |c 2005 | |
| 300 | |a viii, 176 s. | ||
| 610 | 2 | 0 | |a materstvo |
| 610 | 2 | 0 | |a ženy |
| 610 | 2 | 0 | |a rodina |
| 610 | 2 | 0 | |a žena a rodina |
| 610 | 2 | 0 | |a zamestnanie |
| 610 | 2 | 0 | |a sociológia práce |
| 610 | 2 | 0 | |a starostlivosť o deti |
| 610 | 2 | 0 | |a starostlivosť o rodinu |
| 100 | 1 | |a Miller, Tina | |